| 000 | 00660nam a22002057a 4500 | ||
|---|---|---|---|
| 005 | 20240913142713.0 | ||
| 010 | _aENG-140852 | ||
| 020 | _c100.00 | ||
| 035 | _aEN-124384 | ||
| 037 | _bDBAD/PUB | ||
| 082 | _a181.45 | ||
| 100 |
_aRAMAKRISHNA _971670 |
||
| 245 |
_aThe Messeger's Legacy/ _cBy Ramakrishna |
||
| 250 | _a1 | ||
| 260 |
_aChennai _bAdhyaksha, Sri Ramakrishna math _c2023 |
||
| 270 |
_bChennai _a31, Ramakrishna Mutt Road, Mylapore, Chennai _e600004 |
||
| 300 |
_a216vpp. _c24(pb) |
||
| 500 | _aA Profile pf Sri Ramakrishna Math, Chennai Commemorating 125 Years of Spirituality and Service | ||
| 942 |
_2ddc _cEN _h181.45 _mHNA |
||
| 999 |
_c204351 _d204351 |
||